| 000 | 00499nam a2200193Ia 4500 | ||
|---|---|---|---|
| 001 | 15297 | ||
| 003 | GE_BSU | ||
| 008 | 181216s||||||||xx |||||||||||||| ||und|| | ||
| 040 | _cGE_BSU | ||
| 080 | _a821.353.1-2 | ||
| 100 | _aშანშიაშვილი,სანდრო | ||
| 245 | _aდრამები | ||
| 260 | _aთბილისი | ||
| 260 | _bსახელგამი | ||
| 260 | _c1955 | ||
| 300 | _a391გვ.22სმ. | ||
| 653 | _aდრამები | ||
| 942 | _cBK | ||
| 999 |
_c48405 _d48405 |
||